LEADER 01160nam a2200253 i 4500 001 000000066575 003 CaOOAMICUS 005 20130321000000.0 008 130321s1958 it u000 u ita u 013 $a37747 040 $aSeMil$bita 100 1 $aCharbonneau, Jean.$0(OLS)http://semarc/name/33391 245 13$aLa vittoria di Lourdes, 1858-1958 /$cGenerale Jean Charbonneau ; Prefazione di Sua Eminenza il Cardinale Gerlier Ex-Vescovo di Tarbes e Lourdes Primate delle Gallie. 260 $a[S.l.] :$bQuatre Fils Aymon,$ccopyr. 1958. 300 $a137 p., [16] p. di tav. ;$c26 cm. 490 0 $aMilieu du Monde 650 4$aMadonna - Apparizioni - Lourdes.$0(OLS)http://semarc/subject/8481 700 1 $aGerlier, Pierre-Marie .$0(OLS)http://semarc/name/33392 830 0$aMilieu du Monde.$0(OLS)http://semarc/title/38307 850 $aSeMil 852 $aSeMil$W1$xVenegono$y1$m2L VI 92$j32728$B32728$CSeMilBibl$Z2$F32731 $81 961 $aOmaggio: Patti mons. Francesco 996 $6245$aLa vittoria di Lourdes, 1858-1958$9(OLS)http://semarc/title/105889 996 $6260$a[S.l.] :$bQuatre Fils Aymon$9(OLS)http://semarc/publisher/37670 LEADER 01663nam a2200301 i 4500 001 000000092225 003 CaOOAMICUS 005 20230428114114.0 008 160129s1668 it u000 u ita u 026 $auip- 8.1. o-r- tequ (3) 1668 (A) 040 $aSeMil$bita 100 1 $aGiustiniani, Lodovico,$d.$0(OLS)http://semarc/name/41052 245 10$aVita del b. Filippo Benizi nobil fiorentino quinto generale, e propagatore del sacr'ordine de' Servi di Maria Vergine nuovamente abbellita, e publicata dal p. reverendissimo general servita, il padre maestro Lodovico Giustiniani, .. 260 $aIn Bologna :$bPer Giacomo Monti,$c1668. 300 $a[16], 148 p., [14] carte di tav. :$bantip., ill. calcogr. ;$c4º. 500 $aIniz., fregi xilogr. 500 $aSegn.: ?-2?4 A-R4 S6 500 $aIll. calcogr. incise da Lorenzo Tinti 600 14$aBenizi, Filippo .$0(OLS)http://semarc/subject/9223 700 1 $aTinti, Lorenzo,$d.$0(OLS)http://semarc/name/41053 700 1 $aMonti, Giacomo,$c.$0(OLS)http://semarc/name/20131 850 $aSeMil 852 $aSeMil$W1$xVenegono$y1$m3H IV 106 FA$j55129$B55129$CSeMilBibl$Z2$F59826 $8I 941 1 $a10 961 $aRecupero: Mantegazza 996 $6245$aVita del b. Filippo Benizi nobil fiorentino quinto generale, e propagatore del sacr'ordine de' Servi di Maria Vergine nuovamente abbellita, e publicata dal p. reverendissimo general servita, il padre maestro Lodovico Giustiniani, ..$9(OLS)http://semarc/title/138384 996 $6260$aIn Bologna :$bPer Giacomo Monti$9(OLS)http://semarc/publisher/43682